[Event "Winnipeg Yanofsky Memorial"]
[Site "Winnipeg"]
[Date "2007.09.02"]
[Round "4"]
[White "Curtis, Rory"]
[Black "Richmond, Barrie"]
[Result "0-1"]
[WhiteElo "1674"]
[BlackElo "1921"]
[PlyCount "96"]
[EventDate "2007.08.31"]
[EventType "swiss"]
[EventRounds "5"]
[EventCountry "CAN"]
[SourceTitle "EXT 2022"]
[Source "ChessBase"]
[SourceDate "2021.10.06"]
[SourceVersion "1"]
[SourceVersionDate "2021.10.06"]
[SourceQuality "1"]

1. Nf3 Nf6 2. g3 g6 3. Bg2 Bg7 4. 0-0 0-0 5. d3 d6 6. e4 Nbd7 7. Re1 e5 8. Nc3 a6 9. Bg5 h6 10. Bd2 Rb8 11. a4 b6 12. h4 Re8 13. Nh2 Nf8 14. Nd5 Nxd5 15. exd5 f5 16. h5 g5 17. c3 Nh7 18. b4 Nf6 19. f3 Nxh5 20. Kf2 Nf6 21. f4 exf4 22. gxf4 g4 23. Rxe8+ Qxe8 24. Qe1 Bd7 25. Qxe8+ Rxe8 26. Nf1 h5 27. a5 b5 28. Re1 Rxe1 29. Bxe1 h4 30. Ne3 h3 31. Bh1 Nh5 32. d4 g3+ 33. Kg1 g2 34. Bxg2 hxg2 35. Nxg2 Bh6 36. Bd2 c6 37. dxc6 Bxc6 38. Nh4 Bd7 39. Ng2 Kf7 40. Kf2 Bc6 41. Nh4 Kf6 42. Ng2 Bxg2 43. Kxg2 Bxf4 44. Bxf4 Nxf4+ 45. Kf3 Nd5 46. c4 bxc4 47. b5 axb5 48. a6 Nc7 0-1

[Event "Winnipeg Yanofsky Memorial"]
[Site "Winnipeg"]
[Date "2007.09.01"]
[Round "2"]
[White "Curtis, Rory"]
[Black "Nikouline, Alexandre"]
[Result "0-1"]
[WhiteElo "1674"]
[BlackElo "2140"]
[PlyCount "94"]
[EventDate "2007.08.31"]
[EventType "swiss"]
[EventRounds "5"]
[EventCountry "CAN"]
[SourceTitle "EXT 2022"]
[Source "ChessBase"]
[SourceDate "2021.10.06"]
[SourceVersion "1"]
[SourceVersionDate "2021.10.06"]
[SourceQuality "1"]

1. Nf3 Nf6 2. g3 b6 3. Bg2 Bb7 4. 0-0 e6 5. d3 Be7 6. e4 d6 7. Nbd2 0-0 8. Re1 Nbd7 9. b3 e5 10. d4 Re8 11. d5 c6 12. c4 cxd5 13. cxd5 Rc8 14. h4 Nc5 15. Bf1 Rc7 16. b4 Ncd7 17. Bb2 Qb8 18. Qb3 Rec8 19. Rac1 a6 20. Rxc7 Rxc7 21. Rc1 b5 22. Rxc7 Qxc7 23. Qc3 Qxc3 24. Bxc3 Nxe4 25. Nxe4 Bxd5 26. Ned2 Bxa2 27. Bh3 Nb6 28. Nf1 f6 29. Bf5 g6 30. Bc2 d5 31. Bd2 d4 32. Be4 Bd5 33. Bxd5+ Nxd5 34. Ne1 Nxb4 35. Kg2 Nc6 36. Bc1 a5 37. Kf3 a4 38. Ke4 a3 39. Nc2 b4 40. Nd2 Na5 41. Na1 Kf7 42. Kd5 f5 43. Ndb3 Nxb3 44. Nxb3 d3 45. Bd2 e4 46. Kc4 a2 47. Bxb4 Bxb4 0-1

[Event "Winnipeg Yanofsky Memorial"]
[Site "Winnipeg"]
[Date "2006.09.02"]
[Round "3"]
[White "Curtis, Rory"]
[Black "Repa, Jason"]
[Result "0-1"]
[WhiteElo "1637"]
[BlackElo "1960"]
[PlyCount "54"]
[EventDate "2006.09.01"]
[EventType "swiss"]
[EventRounds "5"]
[EventCountry "CAN"]
[SourceTitle "EXT 2007"]
[Source "ChessBase"]
[SourceDate "2006.11.23"]
[SourceVersion "1"]
[SourceVersionDate "2006.11.23"]
[SourceQuality "1"]

1. d4 e6 2. c4 f5 3. Nc3 Bb4 4. Nf3 Bxc3+ 5. bxc3 Nf6 6. h3 b6 7. Bg5 Bb7 8. e3 d6 9. Bd3 Nbd7 10. Qb3 Qe7 11. a4 a5 12. 0-0 0-0 13. Nd2 Qf7 14. Bh4 Rae8 15. f3 Qg6 16. e4 Qh6 17. Bxf6 Qxd2 18. Bxg7 Kxg7 19. Rad1 Qe3+ 20. Kh1 fxe4 21. Bxe4 Bxe4 22. fxe4 Qxe4 23. Qb5 Nf6 24. Rf3 Re7 25. Qg5+ Qg6 26. Qe3 Kh8 27. g4 Nd7 0-1

[Event "Winnipeg Kent Oliver Memorial"]
[Site "Winnipeg"]
[Date "2006.01.21"]
[Round "3"]
[White "Curtis, Rory"]
[Black "Booth, Kevin"]
[Result "1-0"]
[WhiteElo "1676"]
[BlackElo "1503"]
[PlyCount "75"]
[EventDate "2006.01.20"]
[EventType "swiss"]
[EventRounds "5"]
[EventCountry "CAN"]
[SourceTitle "EXT 2007"]
[Source "ChessBase"]
[SourceDate "2006.11.23"]
[SourceVersion "1"]
[SourceVersionDate "2006.11.23"]
[SourceQuality "1"]

1. d4 Nf6 2. c4 e6 3. Nc3 Bb4 4. Bg5 b6 5. f3 0-0 6. e4 Be7 7. Bd3 Bb7 8. Nge2 d5 9. 0-0 dxc4 10. Bxc4 Nbd7 11. Qc2 c5 12. d5 exd5 13. exd5 Ne5 14. b3 Re8 15. Rad1 Nxc4 16. bxc4 Nd7 17. Bxe7 Qxe7 18. f4 Ba6 19. Qb3 Qd6 20. Rf3 Nf6 21. Ng3 Bc8 22. Nb5 Qf8 23. h3 Ne4 24. Nc7 Nxg3 25. Rxg3 Bf5 26. Nxa8 Rxa8 27. Re1 Qd6 28. Qe3 g6 29. Qe5 Qd7 30. Rge3 Qa4 31. Qf6 Bd7 32. Re7 Be8 33. d6 Qc6 34. Rc7 Qa4 35. Ree7 Qxc4 36. d7 Bxd7 37. Rcxd7 Rf8 38. Rxa7 1-0

[Event "Winnipeg Kent Oliver Memorial"]
[Site "Winnipeg"]
[Date "2006.01.20"]
[Round "1"]
[White "Curtis, Rory"]
[Black "Zaczek, Jonathon"]
[Result "0-1"]
[WhiteElo "1676"]
[BlackElo "2029"]
[PlyCount "114"]
[EventDate "2006.01.20"]
[EventType "swiss"]
[EventRounds "5"]
[EventCountry "CAN"]
[SourceTitle "EXT 2007"]
[Source "ChessBase"]
[SourceDate "2006.11.23"]
[SourceVersion "1"]
[SourceVersionDate "2006.11.23"]
[SourceQuality "1"]

1. d4 Nf6 2. c4 g6 3. Nc3 d5 4. cxd5 Nxd5 5. e4 Nxc3 6. bxc3 Bg7 7. Nf3 0-0 8. Be2 c5 9. Rb1 cxd4 10. cxd4 Qa5+ 11. Bd2 Qxa2 12. 0-0 Nc6 13. d5 Na5 14. Bg5 Qa3 15. Nd4 a6 16. Ra1 Qc5 17. Be3 Nc4 18. Bxc4 Qxc4 19. Rc1 Qb4 20. Rc7 Qd6 21. Rc2 Bd7 22. Qd2 Rfc8 23. Rb1 b5 24. f4 e6 25. dxe6 Bxe6 26. e5 Qd7 27. Nxe6 Qxe6 28. Rxc8+ Rxc8 29. Qd6 Qxd6 30. exd6 Rd8 31. Rd1 Rd7 32. Bc5 Bf8 33. Kf2 f5 34. Ke3 Kf7 35. Rd5 Bg7 36. Rd2 Ke6 37. Ra2 Kd5 38. Ba3 Bf8 39. Bb4 Bxd6 40. Ba5 Bc5+ 41. Kf3 Kc6 42. Rc2 Rd4 43. Ke2 Rxf4 44. Be1 Kb6 45. Ba5+ Kxa5 46. Rxc5 Kb4 47. Rc1 Rd4 48. Rb1+ Ka5 49. Kf3 Rd7 50. Ra1+ Kb6 51. h3 b4 52. g4 fxg4+ 53. Kxg4 a5 54. Rf1 a4 55. Rf6+ Kb5 56. Re6 b3 57. Re5+ Kb4 0-1

[Event "Winnipeg Yanofsky Memorial"]
[Site "Winnipeg"]
[Date "2005.09.05"]
[Round "5"]
[White "Curtis, Rory"]
[Black "Currie, James"]
[Result "0-1"]
[WhiteElo "1702"]
[BlackElo "1975"]
[PlyCount "64"]
[EventDate "2005.09.03"]
[EventType "swiss"]
[EventRounds "6"]
[EventCountry "CAN"]
[SourceTitle "CBM 108 Extra"]
[Source "ChessBase"]
[SourceDate "2005.11.04"]
[SourceVersion "1"]
[SourceVersionDate "2005.11.04"]
[SourceQuality "1"]

1. d4 Nf6 2. c4 c5 3. d5 e6 4. Nc3 exd5 5. cxd5 d6 6. e4 g6 7. Nf3 Bg7 8. h3 0-0 9. Bd3 Re8 10. 0-0 c4 11. Bc2 b5 12. Re1 b4 13. Nb5 Qb6 14. Nbd4 a5 15. Bf4 Bb7 16. Rc1 Nbd7 17. Ba4 Rxe4 18. Rxe4 Nxe4 19. Bxd7 c3 20. bxc3 Nxc3 21. Rxc3 bxc3 22. Bc6 Bxc6 23. Nxc6 Qc5 24. Be3 Qa3 25. Qc2 Qb2 26. Qxb2 cxb2 27. Nd2 Re8 28. Nxa5 Ra8 29. Bb6 Bc3 30. Nac4 Rxa2 31. Nxb2 Rxb2 32. Nc4 Rb4 0-1

[Event "Winnipeg Yanofsky Memorial"]
[Site "Winnipeg"]
[Date "2005.09.03"]
[Round "2"]
[White "Curtis, Rory"]
[Black "Gannon, Keith"]
[Result "0-1"]
[WhiteElo "1702"]
[BlackElo "1528"]
[PlyCount "86"]
[EventDate "2005.09.03"]
[EventType "swiss"]
[EventRounds "6"]
[EventCountry "CAN"]
[SourceTitle "CBM 108 Extra"]
[Source "ChessBase"]
[SourceDate "2005.11.04"]
[SourceVersion "1"]
[SourceVersionDate "2005.11.04"]
[SourceQuality "1"]

1. d4 Nf6 2. c4 d5 3. cxd5 Nxd5 4. Nc3 e6 5. e4 Nxc3 6. bxc3 c5 7. Nf3 cxd4 8. cxd4 Bb4+ 9. Bd2 Bxd2+ 10. Qxd2 0-0 11. Bc4 Nc6 12. 0-0 Re8 13. Rfd1 a6 14. a4 Qe7 15. d5 exd5 16. exd5 Rd8 17. Qf4 Na5 18. d6 Qf8 19. Bd3 g6 20. Bc2 Bd7 21. Ng5 Rac8 22. Bb1 Rc5 23. Qh4 Qg7 24. Nxh7 g5 25. Nf6+ Qxf6 26. Qh7+ Kf8 27. Ba2 Bf5 28. Qh5 Rxd6 29. Re1 Bg6 30. Qf3 Nc6 31. Bb1 Bxb1 32. Raxb1 Nd8 33. Rb4 Rc7 34. h4 gxh4 35. Rxh4 Qxf3 36. gxf3 Rg6+ 37. Kh2 Ne6 38. Rg1 Rxg1 39. Kxg1 Ke7 40. Kf1 Nc5 41. Ke2 Kd6 42. Ke3 Re7+ 43. Kd4 Nxa4 0-1

[Event "Winnipeg Winter op"]
[Site "Winnipeg"]
[Date "2004.02.21"]
[Round "3"]
[White "Hogeveen Rutter, Alexander"]
[Black "Curtis, Rory"]
[Result "1-0"]
[WhiteElo "1708"]
[BlackElo "1716"]
[PlyCount "91"]
[EventDate "2004.02.??"]
[EventType "swiss"]
[EventRounds "5"]
[EventCountry "CAN"]
[SourceTitle "EXT 2006"]
[Source "ChessBase"]
[SourceDate "2005.11.24"]
[SourceVersion "1"]
[SourceVersionDate "2005.11.24"]
[SourceQuality "1"]

1. e4 e5 2. Nf3 d6 3. Bc4 Be7 4. 0-0 Nc6 5. c3 Nf6 6. Re1 0-0 7. d4 exd4 8. cxd4 Bg4 9. Re3 d5 10. exd5 Nxd5 11. Bxd5 Qxd5 12. Nc3 Qd7 13. d5 Na5 14. Ne5 Bxd1 15. Nxd7 Rfe8 16. Nxd1 Bd6 17. f4 f6 18. Re6 Red8 19. Nxf6+ gxf6 20. Rxf6 Nc4 21. Nc3 Bc5+ 22. Kf1 Bd4 23. Rf5 Nb6 24. Nb5 Bh8 25. Nxc7 Rac8 26. Ne6 Rd6 27. Rg5+ Kf7 28. Rh5 Nxd5 29. Ng5+ Kg6 30. Rxh7 Bg7 31. f5+ Kxf5 32. Rxg7 Nf6 33. Be3 Rc2 34. Rxb7 Ng4 35. Rb5+ Kg6 36. Bxa7 Rdd2 37. Nf3 Nxh2+ 38. Nxh2 Rxg2 39. Nf3 Rg3 40. Nh4+ Kf7 41. Rf5+ Kg7 42. Rf2 Rh3 43. Nf5+ Kg6 44. Ne7+ Kh5 45. Rxc2 Rh1+ 46. Bg1 1-0

[Event "Winnipeg Thanksgiving op"]
[Site "Winnipeg"]
[Date "2003.10.11"]
[Round "3"]
[White "Gibbons, Lorne"]
[Black "Curtis, Rory"]
[Result "0-1"]
[WhiteElo "1310"]
[BlackElo "1736"]
[PlyCount "69"]
[EventDate "2003.10.10"]
[EventType "swiss"]
[EventRounds "5"]
[EventCountry "CAN"]
[SourceTitle "EXT 2006"]
[Source "ChessBase"]
[SourceDate "2005.11.24"]
[SourceVersion "1"]
[SourceVersionDate "2005.11.24"]
[SourceQuality "1"]

1. d4 d5 2. c4 c6 3. Nc3 Nf6 4. Bf4 Bf5 5. e3 dxc4 6. Bxc4 b5 7. Bb3 e6 8. Nge2 Be7 9. 0-0 Nbd7 10. f3 Nh5 11. g4 Nxf4 12. Nxf4 Bg6 13. Rc1 Qb6 14. Nce2 e5 15. Ng2 0-0 16. Bc2 Rad8 17. h4 Nf6 18. h5 Bxc2 19. Qxc2 Rc8 20. Rfd1 Nd5 21. a3 Bg5 22. f4 exf4 23. exf4 Be7 24. Rd3 Bd6 25. Qd2 Nf6 26. Ne3 c5 27. f5 c4 28. Nd5 Nxd5 29. Rh3 Be7 30. Rf1 Qh6 31. Qxh6 gxh6 32. Nf4 Nxf4 33. Rxf4 Bg5 34. Rf2 Rfe8 35. b3 0-1

[Event "Winnipeg Summer op"]
[Site "Winnipeg"]
[Date "2003.07.26"]
[Round "2"]
[White "Curtis, Rory"]
[Black "Vincent, Trevor"]
[Result "0-1"]
[WhiteElo "1639"]
[BlackElo "2023"]
[PlyCount "88"]
[EventDate "2003.07.25"]
[EventType "swiss"]
[EventRounds "5"]
[EventCountry "CAN"]
[SourceTitle "EXT 2006"]
[Source "ChessBase"]
[SourceDate "2005.11.24"]
[SourceVersion "1"]
[SourceVersionDate "2005.11.24"]
[SourceQuality "1"]

1. d4 Nf6 2. c4 e5 3. dxe5 Ng4 4. e4 Nxe5 5. f4 Nec6 6. Be3 Bb4+ 7. Nc3 Qe7 8. Bd3 Bxc3+ 9. bxc3 Na6 10. Nf3 Nc5 11. Qc2 0-0 12. 0-0 Nxd3 13. Qxd3 d6 14. Rae1 f5 15. e5 dxe5 16. fxe5 Rd8 17. Bd4 Be6 18. Qe2 Na5 19. Nd2 c5 20. Be3 b6 21. Bf4 Rd7 22. Rf3 Re8 23. Rg3 Kh8 24. Rf1 Qf7 25. Re1 Nxc4 26. Nxc4 Bxc4 27. Qf2 Bxa2 28. Rh3 Bd5 29. Qh4 g6 30. Bg5 Be4 31. Bf6+ Kg8 32. Qf4 a5 33. Rh6 a4 34. h4 Qa2 35. Qg5 Qd2 36. Rxh7 Kxh7 37. Re3 Qd1+ 38. Kh2 Qh5 39. Qf4 Rd2 40. Rg3 Rxg2+ 41. Rxg2 Bxg2 42. Kxg2 Qg4+ 43. Qxg4 fxg4 44. Kg3 a3 0-1

[Event "Winnipeg TNT April op"]
[Site "Winnipeg"]
[Date "2002.04.30"]
[Round "4"]
[White "Curtis, Rory"]
[Black "Proulx, Roy"]
[Result "0-1"]
[WhiteElo "1649"]
[BlackElo "1714"]
[PlyCount "70"]
[EventDate "2002.04.09"]
[EventType "swiss"]
[EventRounds "4"]
[EventCountry "CAN"]
[SourceTitle "EXT 2022"]
[Source "ChessBase"]
[SourceDate "2021.10.06"]
[SourceVersion "1"]
[SourceVersionDate "2021.10.06"]
[SourceQuality "1"]

1. d4 e6 2. c4 d5 3. cxd5 exd5 4. Nc3 Nf6 5. Bg5 c6 6. e3 Bf5 7. Nf3 Be7 8. Qb3 b6 9. Be2 Ne4 10. Bxe7 Qxe7 11. 0-0 0-0 12. Nxd5 Qd6 13. Nf4 Nd7 14. Rfd1 g5 15. Nh5 Be6 16. Qc2 f5 17. Bc4 Bd5 18. Bxd5+ cxd5 19. Rac1 Rac8 20. Qb1 f4 21. exf4 gxf4 22. Qd3 Rxc1 23. Rxc1 Rf5 24. g4 Qg6 25. Ne5 Nxe5 26. Rc8+ Rf8 27. Rxf8+ Kxf8 28. dxe5 Qxg4+ 29. Ng3 fxg3 30. hxg3 Qe6 31. Qa3+ Qe7 32. Qe3 Qxe5 33. Qa3+ Qe7 34. Qe3 Nf6 35. Qh6+ Ke8 0-1

[Event "Winnipeg Icebreaker op"]
[Site "Winnipeg"]
[Date "2002.04.21"]
[Round "5.7"]
[White "Kwiatek, Jordan"]
[Black "Curtis, Rory"]
[Result "0-1"]
[WhiteElo "1404"]
[BlackElo "1677"]
[PlyCount "54"]
[EventDate "2002.04.19"]
[EventType "swiss"]
[EventRounds "5"]
[EventCountry "CAN"]
[SourceTitle "EXT 2022"]
[Source "ChessBase"]
[SourceDate "2021.10.06"]
[SourceVersion "1"]
[SourceVersionDate "2021.10.06"]
[SourceQuality "1"]

1. e4 c5 2. Nf3 Nc6 3. d4 cxd4 4. Nxd4 e5 5. Nb5 d6 6. N1c3 Nf6 7. Bg5 a6 8. Bxf6 gxf6 9. Na3 Rg8 10. Bc4 Bg4 11. f3 Be6 12. Qd2 Rg6 13. Ne2 Bh6 14. f4 Rxg2 15. Rf1 Nd4 16. Bd3 Nxe2 17. Bxe2 Bxf4 18. Bb5+ axb5 19. Qxg2 Qa5+ 20. c3 b4 21. Nb1 bxc3 22. Nxc3 Rc8 23. Qc2 b5 24. Rxf4 exf4 25. Qd2 Qb6 26. Kf1 f3 27. Qh6 Bc4+ 0-1

[Event "Winnipeg TNT April op"]
[Site "Winnipeg"]
[Date "2002.04.09"]
[Round "1"]
[White "Hogeveen Rutter, Alexander"]
[Black "Curtis, Rory"]
[Result "0-1"]
[WhiteElo "1246"]
[BlackElo "1649"]
[PlyCount "36"]
[EventDate "2002.04.09"]
[EventType "swiss"]
[EventRounds "4"]
[EventCountry "CAN"]
[SourceTitle "EXT 2022"]
[Source "ChessBase"]
[SourceDate "2021.10.06"]
[SourceVersion "1"]
[SourceVersionDate "2021.10.06"]
[SourceQuality "1"]

1. e4 c5 2. Nf3 Nc6 3. Nc3 e5 4. Bb5 d6 5. d3 Nf6 6. 0-0 Be7 7. Nd5 0-0 8. Nxe7+ Nxe7 9. c3 Bg4 10. Bg5 Ng6 11. h3 Be6 12. Nh4 h6 13. Nxg6 fxg6 14. Bh4 g5 15. Bg3 g4 16. hxg4 Nxg4 17. d4 cxd4 18. c4 Qb6 0-1

[Event "Winnipeg Spring op"]
[Site "Winnipeg"]
[Date "2002.03.22"]
[Round "1.9"]
[White "Federkevic, Dan"]
[Black "Curtis, Rory"]
[Result "1-0"]
[WhiteElo "1986"]
[BlackElo "1696"]
[PlyCount "75"]
[EventDate "2002.03.22"]
[EventType "swiss"]
[EventRounds "5"]
[EventCountry "CAN"]
[SourceTitle "EXT 2022"]
[Source "ChessBase"]
[SourceDate "2021.10.06"]
[SourceVersion "1"]
[SourceVersionDate "2021.10.06"]
[SourceQuality "1"]

1. e4 c5 2. Nc3 Nc6 3. f4 e5 4. f5 Nf6 5. Bc4 Nxe4 6. Bxf7+ Kxf7 7. Qh5+ Kg8 8. Nxe4 d5 9. Ng3 Qf6 10. N1e2 Bxf5 11. Qxf5 Nd4 12. Nxd4 exd4 13. Qxd5+ Qf7 14. Qxf7+ Kxf7 15. 0-0+ Kg6 16. d3 Be7 17. Bd2 Rad8 18. Rae1 Bf6 19. Ne4 Rd5 20. Nxf6 gxf6 21. Re4 Rf8 22. Rfe1 Rd7 23. Bf4 b5 24. Re7 Rf7 25. Rxd7 Rxd7 26. Re8 c4 27. Kf2 cxd3 28. cxd3 a5 29. Ke2 Kf7 30. Rb8 Rd5 31. Rb6 h5 32. Rd6 Rxd6 33. Bxd6 Ke6 34. Bc7 a4 35. Ba5 Ke5 36. Kf3 Kf5 37. Bc7 b4 38. b3 1-0

[Event "Winnipeg TNT March op"]
[Site "Winnipeg"]
[Date "2002.03.19"]
[Round "3.4"]
[White "Czypinski, Jaroslaw"]
[Black "Curtis, Rory"]
[Result "1-0"]
[WhiteElo "1925"]
[BlackElo "1729"]
[PlyCount "55"]
[EventDate "2002.03.05"]
[EventType "swiss"]
[EventRounds "4"]
[EventCountry "CAN"]
[SourceTitle "EXT 2022"]
[Source "ChessBase"]
[SourceDate "2021.10.06"]
[SourceVersion "1"]
[SourceVersionDate "2021.10.06"]
[SourceQuality "1"]

1. e4 c5 2. Bc4 Nc6 3. Nf3 Nf6 4. e5 d5 5. exd6 Qxd6 6. Nc3 a6 7. a3 Bg4 8. h3 Bh5 9. Be2 e5 10. d3 Be7 11. Be3 0-0 12. 0-0 Rfe8 13. Ng5 Bxe2 14. Qxe2 Nd4 15. Qd2 Nf5 16. Nge4 Qc6 17. Nxf6+ Bxf6 18. Ne4 Nh4 19. Nxf6+ gxf6 20. f3 Kh8 21. Bf2 Nf5 22. Qe2 Rg8 23. Kh1 Rg5 24. Qe4 Qd7 25. g4 Ne7 26. Bxc5 Rc8 27. Bxe7 Qxe7 28. f4 1-0

[Event "Winnipeg TNT March op"]
[Site "Winnipeg"]
[Date "2002.03.12"]
[Round "2.2"]
[White "Curtis, Rory"]
[Black "Schulz, Waldemar"]
[Result "0-1"]
[WhiteElo "1729"]
[BlackElo "2043"]
[PlyCount "68"]
[EventDate "2002.03.05"]
[EventType "swiss"]
[EventRounds "4"]
[EventCountry "CAN"]
[SourceTitle "EXT 2022"]
[Source "ChessBase"]
[SourceDate "2021.10.06"]
[SourceVersion "1"]
[SourceVersionDate "2021.10.06"]
[SourceQuality "1"]

1. e4 c5 2. d4 cxd4 3. c3 dxc3 4. Nxc3 Nc6 5. Nf3 e6 6. Bc4 Bc5 7. 0-0 a6 8. Qe2 Nge7 9. Bg5 f6 10. Bh4 Ng6 11. Bg3 0-0 12. Rad1 Qe7 13. Na4 Nge5 14. Nxc5 Qxc5 15. Bb3 b5 16. Nh4 Nd4 17. Rxd4 Qxd4 18. Rd1 Qc5 19. Qh5 Bb7 20. Rxd7 Qc6 21. Rxb7 Qxb7 22. Bxe5 Qxe4 23. Bc3 Qb1+ 24. Qd1 Qxd1+ 25. Bxd1 Rfd8 26. Be2 Kf7 27. Nf3 Rac8 28. g3 Rd5 29. h3 Rd7 30. g4 Rd5 31. Kg2 g6 32. a3 Rc7 33. Nd4 e5 34. Nc2 Rxc3 0-1

[Event "Winnipeg TNT February op"]
[Site "Winnipeg"]
[Date "2002.02.26"]
[Round "4.4"]
[White "Kohalmi, Andy"]
[Black "Curtis, Rory"]
[Result "0-1"]
[WhiteElo "1911"]
[BlackElo "1707"]
[PlyCount "44"]
[EventDate "2002.02.05"]
[EventType "swiss"]
[EventRounds "4"]
[EventCountry "CAN"]
[SourceTitle "EXT 2022"]
[Source "ChessBase"]
[SourceDate "2021.10.06"]
[SourceVersion "1"]
[SourceVersionDate "2021.10.06"]
[SourceQuality "1"]

1. e4 c5 2. Nf3 Nc6 3. d4 cxd4 4. Nxd4 e5 5. Nxc6 bxc6 6. Bc4 Nf6 7. Bg5 Qa5+ 8. Nd2 Nxe4 9. Be3 d5 10. Qf3 dxc4 11. Qxe4 Qd5 12. Qxc4 a5 13. 0-0-0 Ba6 14. Qg4 Qxa2 15. Nb1 Bc8 16. Qg3 f6 17. f4 Rb8 18. b3 Rxb3 19. cxb3 Bf5 20. Qf2 Qxb1+ 21. Kd2 Bb4+ 22. Ke2 Bg4+ 0-1

[Event "Winnipeg TNT January op"]
[Site "Winnipeg"]
[Date "2002.01.22"]
[Round "3"]
[White "Curtis, Rory"]
[Black "Wasney, Mark"]
[Result "0-1"]
[WhiteElo "1793"]
[BlackElo "1611"]
[PlyCount "62"]
[EventDate "2002.01.08"]
[EventType "swiss"]
[EventRounds "4"]
[EventCountry "CAN"]
[SourceTitle "EXT 2022"]
[Source "ChessBase"]
[SourceDate "2021.10.06"]
[SourceVersion "1"]
[SourceVersionDate "2021.10.06"]
[SourceQuality "1"]

1. d4 Nf6 2. c4 e6 3. Nf3 c5 4. d5 exd5 5. cxd5 d6 6. Nc3 g6 7. e4 Bg7 8. h3 0-0 9. Bd3 a6 10. a4 Re8 11. 0-0 Qc7 12. Bf4 Nbd7 13. Qd2 c4 14. Bc2 Rb8 15. Nd4 Nc5 16. Rfe1 Bd7 17. b4 cxb3 18. Nxb3 Nh5 19. Bxd6 Qxd6 20. Rac1 Rbc8 21. Na5 Qf8 22. d6 Bh6 23. Qd4 Bxc1 24. Rxc1 Qg7 25. e5 Rxe5 26. Nd5 Re1+ 27. Rxe1 Qxd4 28. Ne7+ Kg7 29. Nxc8 Bxc8 30. Re8 Bd7 31. Re7 Qxd6 0-1

[Event "Winnipeg Kent Oliver Memorial"]
[Site "Winnipeg"]
[Date "2002.01.13"]
[Round "4.8"]
[White "Curtis, Rory"]
[Black "Charter, Bennet"]
[Result "1/2-1/2"]
[WhiteElo "1793"]
[BlackElo "1827"]
[PlyCount "52"]
[EventDate "2002.01.11"]
[EventType "swiss"]
[EventRounds "5"]
[EventCountry "CAN"]
[SourceTitle "EXT 2022"]
[Source "ChessBase"]
[SourceDate "2021.10.06"]
[SourceVersion "1"]
[SourceVersionDate "2021.10.06"]
[SourceQuality "1"]

1. d4 Nf6 2. c4 g6 3. Nc3 d5 4. Bf4 Bg7 5. e3 c5 6. dxc5 Qa5 7. Rc1 dxc4 8. Bxc4 0-0 9. Nf3 Ne4 10. 0-0 Nxc3 11. bxc3 Qxc5 12. Bd3 Nc6 13. Ng5 h6 14. Ne4 Qa5 15. Qe2 Be6 16. Bb1 Ne5 17. Bxe5 Bxe5 18. f4 Bg7 19. Ng3 Rac8 20. c4 Rc5 21. f5 Bxf5 22. Bxf5 gxf5 23. Nh5 Rc6 24. Nxg7 Kxg7 25. Qb2+ f6 26. Qxb7 Qc5 1/2-1/2